000 00314pab a2200133 454500
008 180718b1983 xxu||||| |||| 00| 0 eng d
245 _aIndustrial policy (1981)
260 _c1983
300 _a127-48
362 _aJuly
650 _aGovernment Regulation of Business Nepal
773 _aPrashasan
909 _a9424
999 _c9424
_d9424